000 02120nam a2200433 c 4500
999 _c5019
_d5019
003 BLK
005 20181107120534.0
008 180412b bul|||||r ||||||| ||bul||
010 _aKNG00006200000
040 _aBLK
041 _aBUL
_cBUL
080 _aМетоди на управление. Мениджмънт. Анализи, планиране, ръководство, сътрудничество, контрол, коопериране и др.
_b005.5
_z005.5
080 _aИкономика на промишлеността. Промишлено производство
_b338.45
_z338.45
100 1 _aЩуб, Аврахам
_eпърви автор
_9144699
139 _aЩуб, Аврахам и др.
_bЩ 58
245 1 0 _aУправление на проекти
_bТ. 1 - 2
_cАврахам Щуб; съавт. Джонатан Ф. Бард; съавт. Шломо Глоберсон.
_nТ. 2
257 _aUSA
260 _bДелфин прес
_c1994
300 _c24 см
380 _a62
500 _aОриг. загл. Project Management / Abraham Shtub, Jonatan F. Bard, Shlomo Globerson. - Авт. не са отбелязани на кор. - Офс. изд. - 500 тир. - Библиогр. след отд. разд.
504 _aслед отд. разд.
650 4 _aУправление - на проекти
_9249512
650 4 _aУправленски труд
_9244358
650 4 _aИнженеринг
_9157236
653 _aуправление
653 _aуправленски труд
653 _aинженеринг
653 _aпроекти
653 _aуправленски решения
700 1 _aБард, Джонатан Ф.
_eсъавт.
_9249511
700 1 _aГлоберсон, Шломо
_eсъавт.
_954428
760 1 _aЩуб, Аврахам
_d1994
_h384 с. : със сх., табл., диагр.
_nСъдържа и Кратко ръководство към SuperProgect Expert.
_tТ. 2
852 _aЦб 181536
_bЧ
_cЧ 65/Щ 58
856 4 _qpdf
_u
856 4 _qpdf
_u
942 _cKNG
_n0
944 _aCR
_c15.01.2003
_kКети_Илиева
944 _aED
_c28.11.2012
999 _d5019
999 _d5019